000
00264nam a2200109 4500
008
160625b xxu||||| |||| 00| 0 eng d
100
_9
1145
_a
Greer, V
245
_a
Emergency
260
_a
N.Y
_b
Christian Herald House
_c
1977
300
_a
Emergency
942
_2
ddc
_c
BK
999
_c
926
_d
926